| 000 | 00929nam a22002537a 4500 | ||
|---|---|---|---|
| 999 |
_c15267 _d15267 |
||
| 003 | AR-CdUCM | ||
| 008 | 190426b ||||| |||| 00| 0 spa d | ||
| 020 | _a978-607-404-274-0 | ||
| 040 |
_aMUNICIPALIDAD PROVINCIAL DEL CUSCO _cBIBLIOTECA MUNICIPAL DEL CUSCO |
||
| 082 |
_aPI / 808.06 / _bD82 |
||
| 110 |
_aDisney enterprises _932870 |
||
| 245 | _aCuentos inolvidables / | ||
| 260 |
_aMexico : _bAdvanced marketing, _c2015. |
||
| 300 |
_a145 paginas ; _bIlustraciones, _c23 cm. |
||
| 500 | _aTitulo original : Classic storybook | ||
| 505 | _aContenido : Dumbo -- Reina -- Blanca nieves y los siete enanos -- Peter pan -- Bambi... | ||
| 650 |
_aCuentos para niñas (os) _933717 |
||
| 650 |
_aCuentos de aventuras _934290 |
||
| 650 |
_aLiteratura infantil _9588 |
||
| 650 |
_aCuentos divertidos _934317 |
||
| 700 |
_aCaballero del Moral, Samantha (Traducción) _933101 |
||
| 942 |
_2ddc _cLIBROS |
||
| 945 |
_awnts _d2019-04-26 |
||